| 000 | 02596nam0a2200433 4500 | ||
|---|---|---|---|
| 001 | RU\NLR\BIBL_A\022763387 | ||
| 005 | 20260412095250.0 | ||
| 010 |
_a978-5-6045322-0-1 _91000 |
||
| 035 | _a(NLR Aleph) 022763387 | ||
| 090 |
_a13654380 _c13654380 |
||
| 100 | _a20260323d2020 u y0rusy50 ca | ||
| 101 | 0 | _arus | |
| 102 | _aRU | ||
| 105 | _aac z 000zy | ||
| 181 | 0 |
_ai3 _baxxe |
|
| 181 | 0 |
_ab2 _bxb2e |
|
| 182 | 0 | _an | |
| 200 | 1 |
_aОда Пушкину _eсборник поэзии и прозы _fПушкинское общество г. Самары, Фонд социального развития "Надежда" |
|
| 203 |
_aТекст _aИзображение _bвизуальные _cнепосредственные |
||
| 210 |
_aСамара _cФонд социального развития "Надежда" _d2020 |
||
| 215 |
_a273, [6] с. _cил., цв. ил., портр. _d21 |
||
| 225 | 1 |
_aСерия "Надежда - Вера - Любовь" _vкн. 15 |
|
| 300 | _aПосвящается памяти Смирновой Надежды Ивановны (27.02.1951-24.09.2003 г.г.), 15-летию Международного творческого проекта "Надежда - Вера - Любовь", 150-летию пребывания Ильи Ефимовича Репина в Самарской Луке - 1870-2020 г.г., гению Александра Сергеевича Пушкина | ||
| 327 | 1 | _aСодерж.: разделы: Мой Пушкин; Поэты России; Поэты Зарубежья; Самарский край; Голоса молодых; Доклады и статьи | |
| 600 | 1 |
_aПушкин _bА. С. _f1799 - 1837 _gАлександр Сергеевич _xв художественной литературе _92021852 _3RU\NLR\AUTH\66930551 |
|
| 686 | 0 | _aШ9(2)8 | |
| 686 | 2 | _aШ5(2=Р)51-4Пушкин765 | |
| 686 | 2 | _aШ6(2=Р)8-94 | |
| 702 | 1 |
_4280 _7ca _8rus _aПушкин _bА. С. _cпоэт _f1799-1837 _gАлександр Сергеевич _9110441 _3RU\NLR\AUTH\77386 |
|
| 702 | 1 |
_4280 _7ca _8rus _aРепин _bИ. Е. _cхудожник _f1844-1930 _gИлья Ефимович _9136 _3RU\NLR\AUTH\7717044 |
|
| 712 | 0 | 2 |
_4570 _aРоссийское Пушкинское общество _bСамарское отделение _9671971 _3RU\NLR\AUTH\880506018 |
| 942 | _cBOOK | ||
| 980 | _aNB | ||